Relicario (Registro nro. 300950)
[ vista simple ]
| 000 -ENCABEZADO | |
|---|---|
| Número de control [NR] | 01198nam a22002297a 4500 |
| 005 - FECHA Y HORA DE LA ÚLTIMA TRANSACCIÓN | |
| control field | 20151119101802.0 |
| 008 - DE LONGITUD FIJA DE DATOS DE ELEMENTOS - INFORMACIÓN GENERAL | |
| Elementos de longitud fija [NR] | 150825s1928 it ||||fr|||| 001 0 spa d |
| 040 ## - FUENTE DE CATALOGACION [NR] | |
| Quien Cataloga | Sandra Yazo |
| Quien Clasifica | Sandra Yazo |
| 041 0# - CODIGO DE IDIOMA [R] | |
| Código de idioma para texto/pista de sonido o título separado [R] | Español |
| 082 04 - NUMERO DE CLASIFICACION DECIMAL DEWEY [R] | |
| Número de la edición [NR] | 20 |
| Número de clasificación [R] | 861.5 |
| 092 ## - SIGNATURA TOPOGRAFICA LOCAL | |
| Número de clasificación local | E37N006 |
| 100 1# - ASIENTO PRINCIPAL--NOMBRE PERSONAL [NR] | |
| Nombre personal [NR] | Gómez Restrepo, Antonio |
| Fechas asociadas con el nombre [NR] | 1869-1947 |
| ID Autoridad | 37001 |
| 245 10 - MENCION DE TITULO [NR] | |
| Título [NR] | Relicario |
| Mención de responsabilidad, etc. [NR] | Antonio Gómez Restrepo |
| 260 ## - PUBLICACION, DISTRIBUCION, ETC. (PIE DE IMPRENTA) [R] | |
| Lugar de publicación, distribución, etc. [R] | Roma (Italia) |
| Nombre del editor, distribuidor, etc. [R] | Scuola tipográfica Salesiana |
| Fecha de publicación, distribución, etc. [R] | 1928 |
| 300 ## - DESCRIPCION FISICA [R] | |
| Extensión [R] | 140 páginas |
| Dimensiones [R] | 14 x 10 cm. |
| 500 ## - NOTA GENERAL [R] | |
| Nota general [NR] | Detalles físicos: Encuadernación flexible en cartulina. Tapa delantera impresa con datos de publicación, enmarcada. Portada impresa en una sola tinta, con una anotación manuscrita. Cenefas. Texto en una sola columna. Papel manchado |
| 505 1# - NOTA DE CONTENIDO CON FORMATO PREESTABLECIDO [R] | |
| Nota de contenido con formato preestablecido [NR] | Dicha perfecta ; Alborada ; Amor cristiano ; Media noche ; In Memoriam ; Unión ; Consuelo ; Esperanza ; Tu mirada ; Comparación constancia ; Paulina ; Tus ojos ; De tarde ; Ayer y hoy ; en voz baja ; meditando ; Elevación ; Paz ; Sonata ; El rayo de sol ; En la cumbre ; En el hogar |
| 506 ## - NOTA DE RESTRICCIONES DE ACCESO [R] | |
| Condiciones de acceso [NR] | Consulta en sala |
| 650 #7 - ASIENTO SECUNDARIO DE MATERIA - TERMINO TEMATICO [R] | |
| 9 (RLIN) | 21792 |
| Término temático o nombre geográfico como elemento de entrada [NR] | Poesía colombiana |
| 690 ## - ASUNTO AGREGADO LOCAL DE ENTRADA - TÉRMINO TEMÁTICO (OCLC, RLIN) | |
| 9 (RLIN) | 42861 |
| Acceso temático local | Literatura colombiana |
| 942 ## - ELEMENTOS DE ENTRADA AGREGADOS (KOHA) | |
| Sistema de clasificación | LOCAL |
| Tipo de ítem principal el descrito en 300a | Libro |
| Edición | 1 |
| Clasificación | E37N006 |
| Suprimido | Perdido | Sistema de clasificación | Dañado | No prestable | Tipo de ítem específico | Ubicación habitual | Ubicación actual | Localización | Fecha de creación | Forma de adquisición | Costo | Total préstamos | Signatura topográfica | Código de barras | Última vez visto | Ejemplar | Price effective from | Tipo de ítem |
|---|---|---|---|---|---|---|---|---|---|---|---|---|---|---|---|---|---|---|
| LOCAL | Libro archivo | Archivo Histórico | Archivo Histórico | Archivo histórico | 25/08/2015 | Donación | 0.00 | E37N006 | L005084 | 25/08/2015 | Ej.1 | 25/08/2015 | Libro |